| 000 | 003680000a22001570004500 | ||
|---|---|---|---|
| 001 | 002611 | ||
| 003 | MACL | ||
| 040 | _aMACL | ||
| 090 |
_c14604 _d14603 |
||
| 100 | _aRay, Swapna | ||
| 245 |
_aPublic Library Act In India Perspective _cSwapna Ray |
||
| 260 |
_aProva Prakashani, _c2005 |
||
| 350 | _a400 | ||
| 650 | _aLibrary & Information Science | ||
| 942 |
_k27 _cBook |
||
| 999 |
_c14520 _d14520 |
||